Zufällige Länder der Erde - Sudden Death - Statistiken

Allgemein
  • Dieses Quiz wurde 182 mal gespielt
  • Das Durchschnittsergebnis liegt bei 8 aus 15
Answers on the Grid
Answers color-coded by a green-red scale on the quiz's grid according to % correct below.
Nordkorea
Neuseeland
Nordsudan
Autokratische Republik Kongo
Costa Brazo
Costa Rica
Demokratische Republik Kongo
Kap Verde
Altseeland
Kap Verdes
Salmonellen
Königreich Kongo
Nordafrika
Nordmazedonien
Ost-Timor
Ostafrikanische Republik
Vereinigte Länder von Amerika
Vereinte Arabische Emirate
Ostkorea
Republik Kongo
Salomonen
Südafrika
Südkorea
Vereinigte Arabische Emirate
Südmazedonien
Südsudan
Vereinigte Staaten von Amerika
West-Timor
Westkorea
Zentralafrikanische Republik
 
Antwortstatistiken
Antwort % Korrekt
Nordkorea
95%
Neuseeland
94%
Costa Rica
88%
Kap Verde
86%
Demokratische Republik Kongo
84%
Nordmazedonien
80%
Ost-Timor
68%
Südkorea
31%
Südafrika
30%
Republik Kongo
28%
Südsudan
26%
Vereinigte Staaten von Amerika
24%
Vereinigte Arabische Emirate
23%
Salomonen
21%
Zentralafrikanische Republik
20%
Keine übereinstimmenden Quizze gefunden
Verteilung der Resultate
Anzahl Personen mit jedem Resultat
Perzentil nach korrekt beantworteten Fragen
Ihre Resultats-Entwicklung
Sie haben dieses Quiz noch nicht gespielt